|
|
|
|
| LEADER |
01082nam a2200277 a 4500 |
| 001 |
5861 |
| 003 |
BD-DhAAL |
| 005 |
20130826113206.0 |
| 008 |
130826s1986 caua b 000 0 eng d |
| 010 |
|
|
|a 86061912
|
| 020 |
|
|
|a 0803920512 (pbk.)
|
| 040 |
|
|
|a DLC
|c DLC
|d DLC
|d BD-DhAAL
|
| 050 |
0 |
0 |
|a QA278.4
|b .K55 1986
|
| 082 |
0 |
0 |
|a 519.5
|2 19
|
| 100 |
1 |
|
|a Klockars, Alan J.
|9 2779
|
| 245 |
1 |
0 |
|a Multiple comparisons /
|c Alan J. Klockars, Gilbert Sax.
|
| 260 |
|
|
|a Beverly Hills ;
|a London ;
|a New Delhi :
|b Sage Publications,
|c c1986.
|
| 300 |
|
|
|a 87 p. :
|b ill. ;
|c 22 cm.
|
| 490 |
1 |
|
|a Quantitative applications in the social sciences ;
|v 61
|
| 504 |
|
|
|a Includes bibliography (p. 85-86).
|
| 650 |
|
0 |
|a Multiple comparisons (Statistics)
|9 2780
|
| 700 |
1 |
|
|a Sax, Gilbert.
|9 2781
|
| 830 |
|
0 |
|a Sage university papers series.
|p Quantitative applications in the social sciences ;
|v no. 07-061.
|9 2448
|
| 942 |
|
|
|2 ddc
|c BK
|
| 999 |
|
|
|c 13887
|d 13887
|
| 952 |
|
|
|0 0
|1 0
|2 ddc
|4 0
|6 519_500000000000000_KLO
|7 0
|9 23237
|a BRACUL
|b BRACUL
|c GEN
|d 2013-08-26
|l 0
|o 519.5 KLO
|p 3010005861
|r 2013-08-26
|t 1
|w 2013-08-26
|y BK
|